000 00496nam a2200169Ia 4500
999 _c13762
_d13762
003 OSt
005 20201110095210.0
008 190216s9999||||xx |||||||||||||| ||und||
040 _coclc
082 _a821
_bSIN/S
100 _aSingh, Satyanarain
_95220
245 0 _aSelections From John Keats /
_cSatyanarain Singh
260 _bMacmillan India Limited,
_c1987.
_aNew Delhi:
300 _a66p
650 _aEnglish Literature
942 _cBK
_2ddc
_h821
_iSIN/S
_k821
_mSIN/S